00659nam a2200205 a 450000100060000000300080000600500170001400800410003103500190007204000270009104100080011808200260012624500730015226000470022530000250027250400510029765000450034870000270039370000330042026647BD-RjUL20211209051040.0140323s1962 enk b 001 0 eng d a(BD-RjUL)26717 aNUNbengcNUNdBD-RjUL aeng04a956.072223bHIS 196200aHistorians of the Middle East /ced. by Bernard Lewis and P.M. Holt. aLondon :bOxford University Press,cc1962. axi, 519 p. ;c25 cm. aIncludes bibliographical references and index. aMiddle East v History xHistoriography.1 aLewis, Bernard,d1916-1 aHolt, P. M.q(Peter Malcolm)